000 00871nam0a22002531 4500
001 rc\631547
005 20031121164416.2
035 _a(NLR Aleph) 005873689
090 _a6005386
_c6005386
100 _a20031121d1986 u |0rusy50 ca
101 0 _arus
102 _aRU
105 _aa |||||||||
200 1 _aЧисленное исследование движения теплоносителя в элементах перегрузочного комплекса быстрого реактора
210 _aОбнинск
_cФЭИ
_d1986
215 _a[1], 9 с.
_cил.
_d20
225 1 _aФизико-энергетический институт
_vФЭИ-1762
320 _aБиблиогр.: с. 4
700 1 _aМатюшина
_bС. А.
801 0 _aRU
_bNLR
_gpsbo
801 1 _aRU
_bELAR
_2rusmarc
852 _aNLR
_j87-4/11655
942 _cBOOK
980 _aNB